000
00286nam a22001337a 4500
008
190205b xxu||||| |||| 00| 0 eng d
020
_a
0070586349
041
_a
eng
080
_a
530
100
_a
43
101
_a
FIZ
245
_a
Elements of Physics
_c
Smith,A.W
942
_2
udc
_c
BK
999
_c
54006
_d
54006